Engineering materials and metallurgy / (Record no. 51342)

MARC details
000 -LEADER
fixed length control field 00515nam a2200181Ia 4500
005 - DATE AND TIME OF LATEST TRANSACTION
control field 20260429111911.0
008 - FIXED-LENGTH DATA ELEMENTS--GENERAL INFORMATION
fixed length control field 260429s9999||||xx |||||||||||||| ||und||
020 ## - INTERNATIONAL STANDARD BOOK NUMBER
International Standard Book Number 9788119671625
041 ## - LANGUAGE CODE
Language English
082 ## - DEWEY DECIMAL CLASSIFICATION NUMBER
Classification number 669
Item number SEL
100 ## - MAIN ENTRY--PERSONAL NAME
Personal name Selvaraj, Senthil Kumaran
245 #0 - TITLE STATEMENT
Title Engineering materials and metallurgy /
Statement of responsibility, etc Senthil Kumaran Selvaraj
260 ## - PUBLICATION, DISTRIBUTION, ETC. (IMPRINT)
Place of publication, distribution, etc Chennai :
Name of publisher, distributor, etc National Academic Press,
Date of publication, distribution, etc 2025.
300 ## - PHYSICAL DESCRIPTION
Extent x, 196 p.; hb
650 ## - SUBJECT ADDED ENTRY--TOPICAL TERM
Topical term or geographic name as entry element Metallurgy
700 ## - ADDED ENTRY--PERSONAL NAME
Personal name Palanisamy, Ponnusamy
942 ## - ADDED ENTRY ELEMENTS (KOHA)
Koha item type Text Books
Holdings
Withdrawn status Lost status Damaged status Not for loan Collection code Home library Location Shelving location Date of Cataloging Source of acquisition Total Checkouts Full call number Barcode Date last seen Price effective from Koha item type
        Non-fiction CUTN Central Library CUTN Central Library Medicine, Technology & Management 29/04/2026 Shanti Books, Chennai - Invoice No. 3100 on 09-02-2026   669 SEL 56288 29/04/2026 29/04/2026 Text Books